Europa - Kraje - Statystyki

Ogólne statystyki
  • Ten quiz został rozwiązany 9 030 razy
  • Średni wynik to 27 z 45
Odpowiedzi na mapie
Odpowiedzi zakodowano w zielono-czerwonej skali na mapie do tego quizu, zgodnie z poniższymi procentami.
 
Statystyki odpowiedzi
Odpowiedź % Poprawnych
Rosja
79%
Polska
77%
Białoruś
74%
Ukraina
74%
Finlandia
73%
Litwa
72%
Czechy
70%
Norwegia
70%
Szwecja
70%
Estonia
69%
Łotwa
69%
Niemcy
67%
Włochy
67%
Słowacja
66%
Francja
65%
Hiszpania
65%
Portugalia
65%
Wielka Brytania
65%
Dania
63%
Grecja
63%
Irlandia
61%
Rumunia
60%
Austria
59%
Chorwacja
59%
Watykan
59%
Belgia
57%
Islandia
57%
Malta
54%
Węgry
54%
Szwajcaria
53%
Mołdawia
52%
Andora
50%
Luksemburg
50%
Bośnia i Hercegowina
49%
Bułgaria
49%
Niderlandy
49%
Słowenia
49%
Albania
48%
Liechtenstein
47%
San Marino
46%
Czarnogóra
45%
Kosowo
45%
Monako
45%
Serbia
45%
Macedonia Północna
43%
Nie znaleziono quizów pasujących do podanych kryteriów
Rozkład punktacji
Procent ludzi z każdym wynikiem
Percentyl według liczby udzielonych odpowiedzi
Twoja historia wyników
Nie rozwiązałeś tego quizu